书目信息 |
| 题名: |
溪水
|
|
| 作者: | 韩溪 著 | |
| 分册: | ||
| 出版信息: | 北京 新华出版社 2017 |
|
| 页数: | 501页 | |
| 开本: | 26cm | |
| 丛书名: | ||
| 单 册: | ||
| 中图分类: | J825.22-53 | |
| 科图分类: | ||
| 主题词: | 戏剧--艺术--中国 | |
| 电子资源: | ||
| ISBN: | 978-7-5166-3448-6 | |
| 000 | 00532nam0 2200181 450 | |
| 001 | 1950969469 | |
| 005 | 20191225144230.12 | |
| 010 | @a978-7-5166-3448-6@dCNY78.00 | |
| 100 | @a20191225d km y0chiy0120 ea | |
| 101 | 0 | @achi |
| 200 | 1 | @a溪水@Axi shui@e我的乡情乡音乡愁@f韩溪著@Fhan xi zhu |
| 210 | @a北京@c新华出版社@d2017 | |
| 215 | @a501页@d26cm | |
| 606 | 0 | @a戏剧@x艺术@x中国 |
| 690 | @aJ825.22-53@v4 | |
| 701 | 0 | @a韩溪@Ahan xi@4著 |
| 801 | 0 | @aCN@b大连网信软件有限公司图书馆·11@c20191225 |
| 905 | @b1055111@dJ825.22-53@e203@f8 | |
| 溪水:我的乡情乡音乡愁/韩溪著.-北京:新华出版社,2017 |
| 501页;26cm |
| ISBN 978-7-5166-3448-6:CNY78.00 |
| ● |
| 相关链接 |
|
|
|
|
正题名:溪水
索取号:J825.22-53/203
 
预约/预借
| 序号 | 登录号 | 条形码 | 馆藏地/架位号 | 状态 | 备注 |
| 1 | 1055111 | 210551115 | 第一借阅区/ [索取号:J825.22-53/203] | 在馆 | |
| 2 | 1055112 | 210551124 | 第一样本阅览室/ [索取号:J825.22-53/203] | 在馆 | |
| 3 | 1055113 | 210551133 | 第一借阅区/ [索取号:J825.22-53/203] | 在馆 | |
| 4 | 1055114 | 210551142 | 第一借阅区/ [索取号:J825.22-53/203] | 在馆 | |
| 5 | 1055115 | 210551151 | 第一借阅区/ [索取号:J825.22-53/203] | 在馆 | |
| 6 | 1055116 | 210551160 | 第一借阅区/ [索取号:J825.22-53/203] | 在馆 | |
| 7 | 1055117 | 210551179 | 第一借阅区/ [索取号:J825.22-53/203] | 在馆 | |
| 8 | 1055118 | 210551188 | 第一借阅区/ [索取号:J825.22-53/203] | 在馆 |